Alternative Rock Artists' Signature Songs - Statistics

General Stats
  • This quiz has been taken 283 times
  • The average score is 5 of 16
Answer Stats
Artist/Band Song % Correct
Nirvana Smells Like Teen Spirit
96%
Blur Song 2
64%
Rage Against The Machine Killing In The Name
53%
Wheatus Teenage Dirtbag
47%
Panic! At The Disco I Write Sins Not Tragedies
42%
Jet Are You Gonna Be My Girl
40%
Nine Inch Nails Closer
32%
Marcy Playground Sex and Candy
27%
Alt-J Breezeblocks
25%
Crowded House Don't Dream It's Over
18%
INXS Never Tear Us Apart
14%
Ben Folds Five Brick
12%
KT Tunstall Suddenly I See
11%
American Football Never Meant
6%
You Am I Berlin Chair
3%
Midnight Oil Power And The Passion
2%
No matching quizzes found
Score Distribution
Percent of People with Each Score
Percentile by Number Answered
Your Score History
You have not taken this quiz